000 00520nam a2200217Ia 4500
003 OSt
005 20230324150608.0
008 210423s2005 xx 000 0 und d
020 _a70599610
040 _cAL
041 _aeng
082 _a658.15
_223
_bROSS
100 _aROSS (Stephen A);others.
_977537
245 _aCorporate finance.
250 _a7
260 _aNew Delhi
_bTata McGrawhill
_c2005
300 _axxxiii,942
_bPB
365 _b495
_cINR
906 _aCorporate ; finance.
942 _2ddc
_cBK
999 _c155841
_d155841